000 00485nam a2200169 4500
003 SEACOMMC
005 20250421154429.0
008 241014b |||||||| |||| 00| 0 eng d
020 _a978-81-72733-04-9
_cRs.75.00
040 _aSEACOMMC
082 _a07.430285
_bS 56
100 _a Sengupta, Aditya
245 1 _aComputer Assisted Broadcast Reporting
_c Aditya Sengupta
260 _a Delhi Authorspress
_b Authorspress
_c 2006
650 _a Journalism-Data Processing
942 _cBOOK
999 _c642
_d642